Body Language - Hair - Statistics

General Stats
  • This quiz has been taken 393 times
  • The average score is 6 of 12
Answer Stats
Hint Answer % Correct
What to do when it's gotten too long Haircut
95%
Lebron James has a receding one Hairline
89%
Husbands better notice when their wives get a new one Hairdo/Hairstyle
87%
The lunchlady better have one Hairnet
80%
Holds hair out of the way Hairpin
61%
Tony-winning musical Hairspray
58%
From an Angora goat Mohair
42%
"American" cat breed Shorthair
40%
I've got you in my sights Crosshair
32%
Old lady Bluehair
22%
The person in charge Chairman
17%
Used to make cloth, painters' brushes, and Oriental rugs Camel hair
13%
No matching quizzes found
Score Distribution
Percent of People with Each Score
Percentile by Number Answered
Your Score History
You have not taken this quiz